Szczegóły MARC21

Studia Zarządzania i Finansów Wyższej Szkoły Bankowej w Poznaniu.

001 -Numer kontrolny rekordu [,]
    • @
    • pole kontrolne
    • xx002270383
005 -Data i czas ostatniej zmiany [,]
    • @
    • Data ostatniej zmiany
    • 20260413125336.0
022 -Międzynarodowy Znormalizowany Numer Wydawnictwa Ciągłego - ISSN [ , ]
    • a
    • International Standard Serial Number
    • 2084-0152
035 -Inne numery kontrolne [ , ]
    • a
    • Numer kontrolny
    • (OCoLC)803867979
040 -Instytucja sporządzająca opis [ , ]
    • a
    • Instytucja, która sporządziła opis (NP)
    • LUBL KUL/AJ
    • c
    • Instytucja, która sporządziła rekord (NP)
    • LUBL KUL/AJ
    • d
    • Instytucja, która zmodyfikowała rekord (P)
    • LUBL KUL/AJs
    • d
    • Instytucja, która zmodyfikowała rekord (P)
    • KR U/ABK
    • d
    • Instytucja, która zmodyfikowała rekord (P)
    • WA M/AR
041 -Język dokumentu [0, ]
    • a
    • Język tekstu (P)
    • polski
    • b
    • Język streszczeń(P)
    • eng
942 -Rodzaj dokumentu [ , ]
    • c
    • Rodzaj dokumentu
    • Wydaw. ciągłe w tym czasopisma
998 -Inne dane NUKAT [ , ]
    • a
    • Numer systemowy
    • vtls002270383
210 -Skrót tytułu [1, ]
    • a
    • Skrót tytułu
    • Stud. Zarz. Finansów Szk. Wyż. Bank. Pozn.
222 -Tytuł kluczowy [ ,0]
    • a
    • Tytuł kluczowy
    • Studia Zarządzania i Finansów Wyższej Szkoły Bankowej w Poznaniu
245 -Strefa tytułu i oznaczenia odpowiedzialności [0,0]
    • a
    • Tytuł
    • Studia Zarządzania i Finansów Wyższej Szkoły Bankowej w Poznaniu.
246 -Wariant tytułu [1,8]
    • a
    • Tytuł (NP)
    • Studia Zarządzania i Finansów
260 -Strefa adresu wydawniczego [ , ]
    • a
    • Miejsce wydania (P)
    • Poznań :
    • b
    • Nazwa wydawcy (P)
    • Wydawnictwo Wyższej Szkoły Bankowej,
    • c
    • Data wydania (P)
    • 2010-2018.
300 -Strefa opisu fizycznego [ , ]
    • c
    • Format (NP)
    • 24 cm.
336 -Typ zawartości [ , ]
    • a
    • Termin opisujący typ zawartości
    • Tekst
    • b
    • Typ/rodzaj nośnika
    • txt
    • 2
    • Źródło (termin i kod)
    • rdacontent
337 -Typ mediów [ , ]
    • a
    • Tryb odtwarzania
    • Bez urządzenia pośredniczącego
    • b
    • Kod typu mediów
    • n
    • 2
    • Źródło (termin i kod)
    • rdamedia
338 -Typ/rodzaj nośnika [ , ]
    • a
    • Hasło opisujące typ nośnika
    • Wolumin
    • b
    • Kod typu nośnika
    • nc
    • 2
    • Źródło (termin i kod)
    • rdacarrier
362 -Strefa numeracji [0, ]
    • a
    • Strefa numeracji
    • Nr 1 (2010)-nr 15 (2018).
530 -Uwaga dot. innej postaci fizycznej dokumentu [ , ]
    • a
    • Uwaga dot. innej postaci fizycznej dokumentu
    • Dostępne także w postaci elektronicznej.
546 -Uwaga dot. języka [ , ]
    • a
    • Uwaga dot. języka
    • Tekst pol. Streszcz. ang.
650 -Hasło przedmiotowe - nazwa pospolita [ ,7]
    • a
    • Hasło przedmiotowe
    • Finanse
650 -Hasło przedmiotowe - nazwa pospolita [ ,7]
    • a
    • Hasło przedmiotowe
    • Zarządzanie
650 -Hasło przedmiotowe - nazwa pospolita [ ,7]
    • a
    • Hasło przedmiotowe
    • Zarządzanie
650 -Hasło przedmiotowe - nazwa pospolita [ ,7]
    • a
    • Hasło przedmiotowe
    • Finanse
655 -INDEX TERM--GENRE/FORM [ ,7]
    • a
    • Genre/form data or focus term
    • Czasopismo ekonomiczne
655 -INDEX TERM--GENRE/FORM [ ,7]
    • a
    • Genre/form data or focus term
    • Czasopismo naukowe
655 -INDEX TERM--GENRE/FORM [ ,7]
    • a
    • Genre/form data or focus term
    • Czasopismo polskie
655 -INDEX TERM--GENRE/FORM [ ,7]
    • a
    • Genre/form data or focus term
    • Czasopisma naukowe
    • z
    • Geographic subdivision
    • Polska
710 -Hasło dodatkowe - nazwa ciała zbiorowego [2, ]
    • a
    • Nazwa ciała zbiorowego lub nazwa geograficzna jako pierwszy element (NP)
    • Wyższa Szkoła Bankowa (Poznań).
710 -Hasło dodatkowe - nazwa ciała zbiorowego [2, ]
    • a
    • Nazwa ciała zbiorowego lub nazwa geograficzna jako pierwszy element (NP)
    • Wyższa Szkoła Bankowa (Poznań).
    • b
    • Nazwa jednostki podrzędnej (P)
    • Wydawnictwo.
    • 4
    • Określenie rodzaju współpracy
    • pbl
856 -Lokalizacja i sposób dostępu do dokumentu elektronicznego [4,1]
    • u
    • URI
    • https://www.wydawnictwo.wsb.pl/czasopisma---naukowe
952 -Egzemplarz [ , ]
    • a
    • Numer inwentarzowy
    • Ec.54596
    • c
    • Sygnatura
    • Ec.54216
    • d
    • Lokalizacja
    • BE Biblioteka Ekonomiczna
    • e
    • Akcesja
    • 14d400/1
    • i
    • Nr tomu wydaw.cg
    • Nr 1 (2010)
    • p
    • Kod kreskowy
    • 2003200545966
    • r
    • Cena
    • 15.00
    • v
    • Data wprowadzenia opisu
    • 2014-08-01
    • w
    • Data inwentaryzacji
    • 2014-11-14
    • y
    • Status udostępniania
    • Tylko na miejscu
    • z
    • Sposób nabycia
    • dary zwarte
952 -Egzemplarz [ , ]
    • a
    • Numer inwentarzowy
    • Ec.54597
    • c
    • Sygnatura
    • Ec.54216
    • d
    • Lokalizacja
    • BE Biblioteka Ekonomiczna
    • e
    • Akcesja
    • 14d400/2
    • i
    • Nr tomu wydaw.cg
    • Nr 2 (2011)
    • p
    • Kod kreskowy
    • 2003200545973
    • r
    • Cena
    • 15.00
    • v
    • Data wprowadzenia opisu
    • 2014-08-01
    • w
    • Data inwentaryzacji
    • 2014-11-14
    • y
    • Status udostępniania
    • Tylko na miejscu
    • z
    • Sposób nabycia
    • dary zwarte
952 -Egzemplarz [ , ]
    • a
    • Numer inwentarzowy
    • GWc.42
    • b
    • Symbol oddziału pierwotnego
    • GWc - Bibl. Zamiejscowego Wydz. Społeczno-Ekonomicznego wyd.ciągłe
    • d
    • Lokalizacja
    • GWc - Bibl. Zamiejscowego Wydz. Społeczno-Ekonomicznego wyd.ciągłe
    • e
    • Akcesja
    • 16d026/2
    • p
    • Kod kreskowy
    • 2005700000426
    • r
    • Cena
    • 15.00
    • v
    • Data wprowadzenia opisu
    • 2016-01-27
    • w
    • Data inwentaryzacji
    • 2016-03-11
    • y
    • Status udostępniania
    • Tylko na miejscu
    • z
    • Sposób nabycia
    • dary zwarte
    • g
    • Ubytek
    • 1/2019 - 2019-03-08
952 -Egzemplarz [ , ]
    • a
    • Numer inwentarzowy
    • Ec.54598
    • c
    • Sygnatura
    • Ec.54216
    • d
    • Lokalizacja
    • BE Biblioteka Ekonomiczna
    • e
    • Akcesja
    • 14d400/3
    • i
    • Nr tomu wydaw.cg
    • Nr 3 (2012)
    • p
    • Kod kreskowy
    • 2003200545980
    • r
    • Cena
    • 15.00
    • v
    • Data wprowadzenia opisu
    • 2014-08-01
    • w
    • Data inwentaryzacji
    • 2014-11-14
    • y
    • Status udostępniania
    • Tylko na miejscu
    • z
    • Sposób nabycia
    • dary zwarte
952 -Egzemplarz [ , ]
    • a
    • Numer inwentarzowy
    • GWc.43
    • b
    • Symbol oddziału pierwotnego
    • GWc - Bibl. Zamiejscowego Wydz. Społeczno-Ekonomicznego wyd.ciągłe
    • d
    • Lokalizacja
    • GWc - Bibl. Zamiejscowego Wydz. Społeczno-Ekonomicznego wyd.ciągłe
    • e
    • Akcesja
    • 16d026/3
    • p
    • Kod kreskowy
    • 2005700000433
    • r
    • Cena
    • 15.00
    • v
    • Data wprowadzenia opisu
    • 2016-01-27
    • w
    • Data inwentaryzacji
    • 2016-03-11
    • y
    • Status udostępniania
    • Tylko na miejscu
    • z
    • Sposób nabycia
    • dary zwarte
    • g
    • Ubytek
    • 1/2019 - 2019-03-08
952 -Egzemplarz [ , ]
    • a
    • Numer inwentarzowy
    • Ec.54216
    • c
    • Sygnatura
    • Ec.54216
    • d
    • Lokalizacja
    • BE Biblioteka Ekonomiczna
    • e
    • Akcesja
    • 13d610/4
    • i
    • Nr tomu wydaw.cg
    • Nr 5 (2013)
    • p
    • Kod kreskowy
    • 2003200542163
    • r
    • Cena
    • 10.00
    • v
    • Data wprowadzenia opisu
    • 2013-12-18
    • w
    • Data inwentaryzacji
    • 2014-01-27
    • y
    • Status udostępniania
    • Tylko na miejscu
    • z
    • Sposób nabycia
    • dary zwarte
952 -Egzemplarz [ , ]
    • p
    • Kod kreskowy
    • 2001100947774
    • a
    • Numer inwentarzowy
    • S.94777
    • d
    • Lokalizacja
    • BE Biblioteka Ekonomiczna
    • e
    • Akcesja
    • 13d610/4
    • r
    • Cena
    • 10.00
    • v
    • Data wprowadzenia opisu
    • 2013-12-18
    • w
    • Data inwentaryzacji
    • 2014-01-27
    • y
    • Status udostępniania
    • krótkoterminowe
    • z
    • Sposób nabycia
    • dary zwarte
    • g
    • Ubytek
    • 98/2021 - 2021-03-12
952 -Egzemplarz [ , ]
    • a
    • Numer inwentarzowy
    • GWc.44
    • b
    • Symbol oddziału pierwotnego
    • GWc - Bibl. Zamiejscowego Wydz. Społeczno-Ekonomicznego wyd.ciągłe
    • d
    • Lokalizacja
    • GWc - Bibl. Zamiejscowego Wydz. Społeczno-Ekonomicznego wyd.ciągłe
    • e
    • Akcesja
    • 16d026/4
    • p
    • Kod kreskowy
    • 2005700000440
    • r
    • Cena
    • 10.00
    • v
    • Data wprowadzenia opisu
    • 2016-01-27
    • w
    • Data inwentaryzacji
    • 2016-03-11
    • y
    • Status udostępniania
    • Tylko na miejscu
    • z
    • Sposób nabycia
    • dary zwarte
    • g
    • Ubytek
    • 1/2019 - 2019-03-08
952 -Egzemplarz [ , ]
    • a
    • Numer inwentarzowy
    • Ec.54919
    • c
    • Sygnatura
    • Ec.54216
    • d
    • Lokalizacja
    • BE Biblioteka Ekonomiczna
    • e
    • Akcesja
    • 15d584/1
    • i
    • Nr tomu wydaw.cg
    • Nr 4 (2013)
    • p
    • Kod kreskowy
    • 2003200549193
    • r
    • Cena
    • 15.00
    • v
    • Data wprowadzenia opisu
    • 2015-10-19
    • w
    • Data inwentaryzacji
    • 2015-10-29
    • y
    • Status udostępniania
    • Tylko na miejscu
    • z
    • Sposób nabycia
    • dary zwarte
Uwagi dla czytelnika
Finanse i zarządzanie we wspieraniu rozwoju lokalnego i regionalnego
Gospodarka i sektor publiczny po kryzysie
Finanse wobec problemów i nowych wyzwań w gospodarce
Zarządzanie finansam
Zarządzanie organizacją w zmiennym otoczeniu